Normal view
MARC view
- Energetic Materials Engineering.
Entry Topical Term
001 - CONTROL NUMBER
- control field: 28410
003 - CONTROL NUMBER IDENTIFIER
- control field: NUST
005 - DATE AND TIME OF LATEST TRANSACTION
- control field: 20200210120621.0
008 - FIXED-LENGTH DATA ELEMENTS
- fixed length control field: 200210|| aca||aabn | a|a d
040 ## - CATALOGING SOURCE
- Original cataloging agency: NUST
- Transcribing agency: NUST
150 ## - HEADING--TOPICAL TERM
- Topical term or geographic name entry element: Energetic Materials Engineering.
670 ## - SOURCE DATA FOUND
- Source citation: Work cat.: (NUST): Nazir, Ijaz 28409, Effect of Confinement on Velocity of Detonation /, 2013.
